Normal view
MARC view
Entry Personal Name
001 - CONTROL NUMBER
- control field: 83563
003 - CONTROL NUMBER IDENTIFIER
- control field: dpl
005 - DATE AND TIME OF LATEST TRANSACTION
- control field: 20250801110332.0
008 - FIXED-LENGTH DATA ELEMENTS
- fixed length control field: 250801|| aca||aabn | a|a d
040 ## - CATALOGING SOURCE
- Original cataloging agency: dpl
- Transcribing agency: dpl
100 ## - HEADING--PERSONAL NAME
- Personal name: Selvi, Pandi
670 ## - SOURCE DATA FOUND
- Source citation: Work cat.: (dpl)212774: Govindaraj, C. 83560, 3nd International Conference on Recent Advances and Innovations in Science, Engineering, Technology and Management/
